Toutes les gares ferroviaires des Alpes-Maritimes - Statistiques

Statistiques générales
  • Ce quiz a été pris 11 fois
  • Le résultat moyen est 11 sur 40
Statistiques - réponses
Fréquentation annuelle Nom de la gare % Correct
3 414 872 Antibes
100%
12 131 450 Nice-Ville
100%
2 764 116 Menton
90%
1 609 844 Cagnes-sur-Mer
80%
530 873 Grasse
70%
726 769 Villefranche-sur-Mer
60%
512 236 Villeneuve-Loubet-Plage
60%
155 658 Mandelieu-la-Napoule
50%
1 068 051 Saint-Laurent-du-Var
50%
692 410 Beaulieu-sur-Mer
40%
1 072 078 Juan-les-Pins
40%
21 086 Tende
40%
358 882 Biot
30%
305 284 Cros-de-Cagnes
30%
301 616 Eze-sur-Mer
30%
229 013 Mouans-Sartoux
30%
2 857 250 Nice-Riquier
30%
2 414 208 Nice-Saint-Augustin
30%
171 806 Roquebrune-Cap-Martin
30%
59 912 Breil-sur-Roya
20%
173 955 Cap-d'Ail
20%
370 770 Menton-Garavan
20%
54 330 Sospel
20%
32 131 Théoule-sur-Mer
20%
53 049 Drap - Cantaron
10%
3 798 Fontan -Saorge
10%
13 588 Peille
10%
926 571 Carnolès
0%
15 242 Fontanil
0%
486 723 Golfe-Juan-Vallauris
0%
2 686 La Brigue
0%
32 946 L'Ariane - La Trinité
0%
48 133 La Trinité-Victor
0%
34 670 L'Escarène
0%
22 425 Monte-Carlo-Country-Club
0%
29 841 Nice-Pont-Michel
0%
12 830 Peillon-Sainte-Thècle
0%
4 328 Saint-Dalmas-de-Tende
0%
5 395 Touët-de-L'Escarène
0%
32 Viévola
0%
Aucun quiz correspondant
Distribution des résultats
% des personnes avec chaque résultat
Percentile par nombre de réponses
Votre historique - résultats
Vous n’avez pas pris ce quiz